Statistics for Kansas Leftoverture Songs

Click here to take the quiz!

General Stats

  • This quiz has been taken 7 times
  • The average score is 5 of 8

Answer Stats

HintAnswer% Correct
#2The Wall
86%
#1Carry On Wayward Son
71%
#8Magnum Opus
71%
#7Cheyenne Anthem
57%
#4Miracles Out of Nowhere
57%
#5Opus Insert
43%
#6Questions of My Childhood
43%
#3What's on My Mind
29%

Score Distribution

Percentile by Number Answered

Percent of People with Each Score

Your Score History

You have not taken this quiz